MDQL
is popping MORE tags! Check the
thread
!
Quizzes
Events
Quiz Creation
Community
Videos
Private Events
Remove Ads
Sign In
Join for FREE
Feedback
Dark Mode
Quiz Categories
Sports
Geography
Music
Movies
Television
Just For Fun
Miscellaneous
History
Literature
Language
Science
Gaming
Entertainment
Religion
Holiday
For Kids
Quiz Lab
Recent
Popular Today
Quiz Kudos Today
Editor Picks
Curator Picks
Quizzes by...
Day
Popularity
Type
Ratings
Length
Year
Community
Subscriptions
Recent Discussions
Orange Saloon
Badges
Playlists
Quests
Create
Leaderboards
Showdown
Live 5
Trivia Bingo
Activity
Puzzle Library
Sporcle Events
Private Events
Virtual Trivia
Globe League
Become a Host
Pub Owners
SporcleCon
Opinionation
Our Games
Videos
Blog
Mobile Apps
Partnerships
Remove Ads and Go Orange
Feedback
Sports
Athletes
MLB
NBA
NHL
NFL
Soccer
Sports Teams
WWE
NCAA
Football
Premier League
Basketball
Baseball
Hockey
Golf
Tennis
Cricket
Rugby
Auto Racing
Olympics
World Cup
Sports
Athletes
MLB
NBA
NHL
NFL
Soccer
Sports Teams
WWE
NCAA
Football
Premier League
Basketball
Baseball
Hockey
Golf
Tennis
Cricket
Rugby
Auto Racing
Olympics
World Cup
Random Quiz
Search Sporcle
×
Quiz Lab
Quiz Lab
Sports
appearance
Type in answers that appear in a list
Type in answers that appear in a list
Classic
Best Score? Go Orange.
Sugar Bowl Appearances Stats
Can you name the Sugar Bowl Appearances?
By
jimmysdreamland
10m
49 Questions
166 Plays
166 Plays
166 Plays
Comments
Comments
Give Quiz Kudos
Give Quiz Kudos
-
- Ratings
hide this ad
Replay
Link that replays current quiz
Next Quiz
Link to next quiz in quiz playlist
You Got
0%
They Got
Avg Score
65%
Avg Friend Score
Upgrade to see
Score Distribution
Jump to the score distribution portion of the page
Score
0/49
Timer
10:00
0
Plays Today
% Correct
Alabama
93.4%
Florida
93.4%
Texas
92.8%
Georgia
90.4%
Louisiana State
89.2%
Florida State
89.2%
Oklahoma
89.2%
Ohio State
89.2%
Michigan
89.2%
Tennessee
87.3%
Ole Miss
86.1%
Penn State
86.1%
West Virginia
86.1%
Auburn
84.9%
Miami
84.3%
Arkansas
83.1%
Virginia
83.1%
Notre Dame
81.9%
Virginia Tech
81.3%
Nebraska
80.7%
Georgia Tech
78.3%
Texas A&M
78.3%
Clemson
78.3%
Kentucky
75.9%
Oklahoma State
73.5%
% Correct
Pittsburgh
72.3%
North Carolina
71.1%
Illinois
68.7%
Syracuse
67.5%
Missouri
66.3%
TCU
65.7%
Utah
63.9%
Duke
62.7%
Tulane
61.4%
Maryland
60.2%
Hawai'i
57.8%
Boston College
56.6%
Baylor
56%
Navy
48.8%
Rice
39.8%
Air Force
33.1%
Tulsa
32.5%
Temple
19.3%
Wyoming
15.7%
Carnegie Tech
12%
Fordham
11.4%
Cincinnatti
11.4%
Santa Clara
10.8%
Saint Mary's (CA)
0%
Quiz Playlist
Details
Report
Send in Message
Add To Playlist
Classic:
Type in answers that appear in a list
Last Updated: Feb 16, 2017
Quiz Scoreboard
CHALLENGE
Sign Up to Join the Scoreboard
Show All
Scores
Hide
Comments
May contain spoilers
Recently Published
Two Season TV Shows II
by 123Four
Television
10m
Image Sorting: Flags VI
by Barbecue
Geography
2m
Find the 'City' Movie
by crazypaving
Movies
60s
More to Explore
Quiz From the Vault
Featured Blog Post
14 Easter Pick-up Lines to Find Eggs With
hide this ad
You Might Also Like...
Tags
appearance
Bowl
sugar
Sugar Bowl
Today's Top Quizzes in Sports
Browse Sports
hide this ad
Today's Top Quizzes in appearance
Browse appearance
Top Contributed Quizzes in Sports
1
Les meilleurs buteurs des matchs entre le PSG et l’OM
2
Les entraîneurs de l'OM et du PSG au 21e siècle
3
2022 World Cup Stars
4
Les joueurs passés par le PSG et l'OM
5
Players with Multiple 50 Home Run Seasons
6
FIFA Club World Cup Champions
7
Criteria MLB: Left Handed Sluggers
8
Les joueurs passés par le LOSC et le RC Lens
9
Top 10 NHL Goal Scorers of All Time
10
MLB Players with Two .350 Batting Average Seasons
Explore More
Trending Topics
Kpop
Harry Potter
Crossword
Disney
NBA
Marvel
Anime
WWE
Pokémon
NFL
The Office
Soccer
Song
Puzzle
Country
hide this ad
More By:
jimmysdreamland
Quiz
Plays
Rating
Category
Featured
Created
Sugar Bowl Appearances
166
1.00
Sports
Sep 16, 2010
UGA Coaches
51
1.00
Sports
Sep 15, 2010
Go to Creator's Profile
Score Distribution
Quiz Creator Spotlight
jimmysdreamland
Follow
Send a Message
Quizzes Created
-
Created Quiz Play Count
-
More By This Creator
Popular Quizzes Today
1
Find the US States - No Outlines Minefield
2
Colored Red Africa Blitz
3
Find the 'City' Movie
4
5x2 Blitz: Bands
5
The Countries of the World
6
Find the Countries of Europe - No Outlines Minefield
7
Find the US States
8
US States
More Sports Quizzes
Premier League Captains
Published
Trending Quizzes
Colored Red Europe Blitz I
Colored Red Africa Blitz II
Colored Red Europe Blitz II
Colored Red Europe Blitz III
Colored Red Africa Blitz III
Recently Updated
How Do You Spell That?
pecheneg
Godzilla Movies
pecheneg
Grab Bag: 4-10 Letters
pecheneg
2024 March Madness Bracket
pecheneg
Famous TV Couples
Peacemaker
Champions League XIs: Real Madrid
pecheneg
Largest US Cities 1790-2010
pecheneg
Rides in Walt Disney World
pecheneg
Most Oscar Losses (Acting)
pecheneg
Beyoncé Albums
pecheneg
Trending Topics
Crossword
Disney
NBA
Kpop
Anime
Harry Potter
Marvel
The Office
Song
WWE
Puzzle
Country
NFL
Soccer
Pokémon
Your Account Isn't Verified!
In order to create a playlist on Sporcle, you need to verify the email address you used during registration. Go to your
Sporcle Settings
to finish the process.
Report this User
Report this user for behavior that violates our
Community Guidelines
.
Details:
Send Report
Go to the Sporcle.com Mobile Site →
Comments